[Event "Foxwoods op"]
[Site "Mashantucket"]
[Date "1999.04.01"]
[Round "1"]
[White "Wojtkiewicz, Aleksander"]
[Black "Colding, Ernest"]
[Result "1-0"]
[WhiteElo "2570"]
[BlackElo "2210"]

1.e4 c5 2.c3 d5 3.exd5 Qxd5 4.d4 Nf6 5.Nf3 g6 6.Be2 cxd4 7.cxd4 Bg7 8.Nc3 Qa5
9.O-O O-O 10.Ne5 Be6 11.b4 Qxb4 12.Nb5 Qa5 13.Bd2 Qd8 14.Qc1 Nd5 15.Qa3 Nc6
16.Nxc6 bxc6 17.Ba5 Qd7 18.Nc3 Bxd4  1-0

[Event "Foxwoods op"]
[Site "Mashantucket"]
[Date "1999.04.02"]
[Round "2"]
[White "Wojtkiewicz, Aleksander"]
[Black "Curdo, John"]
[Result "1-0"]
[WhiteElo "2570"]
[BlackElo "2285"]

1.Nf3 f5 2.g3 Nf6 3.Bg2 d6 4.d4 g6 5.O-O Bg7 6.Nbd2 O-O 7.c3 Nc6 8.b4 a6
9.Qb3+ e6 10.Bb2 Qe7 11.a4 Kh8 12.b5 Na5 13.Qc2 axb5 14.axb5 Bd7 15.c4 b6
16.Bc3 Nb7 17.Bb4 c5 18.bxc6 Bxc6 19.Rfc1 Ne4 20.Ne5 Bxe5 21.dxe5 Nbc5 22.Rxa8 Bxa8
23.Nxe4 fxe4 24.Bxc5 bxc5 25.Bxe4 d5 26.Bg2 Qf7 27.f4 Qa7 28.cxd5 c4+ 29.Kh1 Bxd5
30.e4 Bb7 31.Qxc4 Rc8 32.Qf1 Rxc1 33.Qxc1 Qd4 34.Qb1 g5 35.h4 gxf4 36.Qxb7 fxg3
37.Qb5 Kg7 38.Qe2 Qxe5 39.Qg4+ Kf6 40.Bf3  1-0

[Event "Foxwoods op"]
[Site "Mashantucket"]
[Date "1999.04.03"]
[Round "5"]
[White "Novikov, Igor A"]
[Black "Wojtkiewicz, Aleksander"]
[Result "1-0"]
[WhiteElo "2601"]
[BlackElo "2570"]

1.d4 g6 2.e4 Bg7 3.Nf3 d6 4.Be2 Nf6 5.Nc3 O-O 6.O-O Nc6 7.Be3 Ng4 8.Bg5 h6
9.Bh4 Nf6 10.d5 Nb8 11.Nd2 c6 12.a4 a5 13.Nc4 Nbd7 14.Re1 Qc7 15.Bf1 Nb6
16.Ra3 Nxc4 17.Bxc4 Re8 18.Qd2 g5 19.Bg3 Nh5 20.Nd1 Nxg3 21.Rxg3 e6 22.dxc6 bxc6
23.h4 gxh4 24.Rg4 Kf8 25.Rxh4 d5 26.Bd3 Ba6 27.Bxa6 Rxa6 28.e5 Raa8 29.Qc3 Rab8
30.Rg4 h5 31.Rh4 Qe7 32.Rxh5 Qb4 33.Qe3 Qxa4 34.b3 Qb4 35.Nb2 Qg4 36.Rg5 Qh4
37.Nd3 d4 38.Qc1 Bh6 39.Qa3+ Re7 40.Rg3 Bd2 41.Rh3 Qg5 42.Rh8+  1-0

[Event "Oberlin op"]
[Site "Oberlin"]
[Date "1999.04.16"]
[Round "2"]
[White "Baginskaite, Kamile"]
[Black "Wojtkiewicz, Aleksander"]
[Result "0-1"]
[WhiteElo "2275"]
[BlackElo "2570"]

1.d4 g6 2.c4 Bg7 3.e4 d6 4.Nc3 e5 5.dxe5 dxe5 6.f4 Nc6 7.fxe5 Nxe5 8.Qxd8+ Kxd8
9.Bg5+ f6 10.Bf4 c6 11.Nf3 Ke7 12.c5 Be6 13.Bxe5 fxe5 14.Ng5 Bd7 15.Bc4 Rf8
16.O-O-O Bh6 17.h4 Nf6 18.Rhf1 Bg4 19.Rde1 Nh5 20.Kb1 Bxg5 21.hxg5 Nf4 22.Rf2 Be6
23.Be2 Bf7 24.Ref1 Ne6 25.Nd5+ cxd5 26.exd5 Nf4 27.d6+ Kd8 28.g3 Nxe2 29.Rxf7 Rxf7
30.Rxf7 Kc8 31.Rc7+ Kb8 32.Re7 Nxg3 33.Rxe5 Nf5 34.b4 Kc8  0-1

[Event "CCA ChessWise op"]
[Site "Stratton Mountain"]
[Date "1999.06.15"]
[Round "7"]
[White "Fernandez, Daniel"]
[Black "Wojtkiewicz, Aleksander"]
[Result "0-1"]
[WhiteElo "2045"]
[BlackElo "2570"]

1.e4 c5 2.Nf3 d6 3.c3 Nf6 4.Be2 Bg4 5.O-O e6 6.Re1 Be7 7.d4 cxd4 8.cxd4 O-O
9.Nc3 d5 10.e5 Nfd7 11.Be3 Nc6 12.h3 Bf5 13.g4 Bg6 14.h4 f6 15.h5 Bf7 16.exf6 Bxf6
17.Kh1 e5 18.g5 exd4 19.gxf6 dxe3 20.fxg7 Re8 21.fxe3 Nde5 22.Qd2 Bxh5 23.Rf1 d4
24.exd4 Bxf3+ 25.Bxf3 Qh4+ 26.Kg2 Nxd4 27.Bd5+ Kxg7 28.Ne4 Kh8 29.Nf6 Re7
30.Rf4 Qg5+ 31.Ng4 Nf5  0-1

[Event "Fredericksburg op"]
[Site "Fredericksburg"]
[Date "1999.06.20"]
[Round "3"]
[White "Reichstein, Boris"]
[Black "Wojtkiewicz, Aleksander"]
[Result "0-1"]
[WhiteElo "2253"]
[BlackElo "2570"]

1.e4 c5 2.Nf3 d6 3.d4 cxd4 4.Nxd4 Nf6 5.f3 e5 6.Bb5+ Nbd7 7.Nf5 d5 8.exd5 a6
9.Bxd7+ Qxd7 10.Ne3 b5 11.Nc3 Bb7 12.O-O b4 13.Ne4 Nxd5 14.c4 bxc3 15.Nxd5 Bxd5
16.Nxc3 Bc5+ 17.Kh1 Bc4 18.Qxd7+ Kxd7 19.Rd1+ Ke6 20.b3 Bb5 21.Bb2 Bc6 22.Re1 f6
23.Ne4 Bb4 24.Bc3 Ba3 25.Rad1 Rhd8 26.Nd2 Rd3 27.Ba5 Bd5 28.Nb1 Rxd1 29.Rxd1 Bc5
30.Nc3 Bc6 31.b4 Bd4 32.Ne2 Be3 33.Bc7 Bd5 34.Nc3 Bd4 35.Ne2 Bb2 36.Rd2 Ba3
37.Ba5 Rc8 38.Rd3 Bb2 39.Rd2 Bc1 40.Rd1 Be3 41.Rd3 Bf2 42.Rd2 Rc4 43.h3 Ba7
44.a4 Bc6 45.Ra2 h5 46.Ra1 Rc2 47.b5 axb5 48.axb5 Bxb5 49.Ng3 h4 50.Nf1 Bd4
51.Rb1 Bd3 52.Rd1 Be2 53.Re1 Bf2 54.Ra1 f5 55.Nh2 Bg3 56.Nf1 Bxf1 57.Rxf1 g6
58.Bd8 Bf2 59.Bg5 e4  0-1

[Event "World op Champions"]
[Site "Philadelphia"]
[Date "1999.06.27"]
[Round "5"]
[White "Blatny, Pavel"]
[Black "Wojtkiewicz, Aleksander"]
[Result "0-1"]
[WhiteElo "2468"]
[BlackElo "2570"]

1.Nf3 c5 2.e4 d6 3.c3 Nf6 4.Bd3 Bg4 5.Bc2 Nc6 6.d3 e6 7.Nbd2 d5 8.Qe2 Be7
9.h3 Bh5 10.O-O Qc7 11.Re1 a6 12.Nf1 Rd8 13.g4 Bg6 14.Ng3 h6 15.Kg2 O-O 16.Rf1 Bd6
17.Nh4 Bf4 18.Bxf4 Qxf4 19.f3 Ne5 20.Rae1 dxe4 21.fxe4 Qg5 22.Nf3 Nxf3 23.Qxf3 h5
24.gxh5 Nxh5 25.Qe3 Qxg3+ 26.Qxg3 Nxg3 27.Kxg3 e5 28.Rf3 f6 29.Kf2 Bf7 30.Ke3 Be6
31.Rg1 Kf7 32.Rfg3 Rg8 33.Bb3 Bxb3 34.axb3 Rd6 35.Kd2 Rd7 36.Rg6 Kf8 37.h4 Rh8
38.R6g4 Rh7 39.Kc2 Kf7 40.R1g2 Rd8 41.R2g3 Rg8 42.c4 Rh5 43.Rf3 Rgh8 44.Rg5 g6
45.b4 cxb4 46.Kb3 Kg7 47.Rxh5 Rxh5 48.Kxb4 Rxh4 49.Kc5 Rh2 50.b4 Rb2 51.d4 exd4
52.Rd3 g5 53.Rxd4 Kg6 54.Rd6 Re2 55.Rd4 Rh2 56.Kb6 Rh7 57.c5 g4 58.e5 f5
59.e6 g3 60.Rd7 Rh8 61.Rd1 f4 62.Kxb7 Kf6 63.c6 g2 64.c7 Kxe6 65.Rd8 Rh7
66.Rg8 f3 67.Kb8 Rxc7 68.Kxc7 f2 69.Rxg2 f1=Q 70.Rg6+ Kd5 71.Rb6 Qf7+ 72.Kb8 Kc4
73.Ka8 Qe7 74.Rxa6 Kb5 75.Ra7 Qe8+ 76.Kb7 Qc6+ 77.Kb8 Kb6  0-1

[Event "World op Major"]
[Site "Philadelphia"]
[Date "1999.06.28"]
[Round "1"]
[White "Wojtkiewicz, Aleksander"]
[Black "Mays, Stefan"]
[Result "1-0"]
[WhiteElo "2570"]
[BlackElo "2075"]

1.Nf3 g6 2.d4 Bg7 3.c4 c5 4.e4 cxd4 5.Nxd4 Nc6 6.Be3 Nf6 7.Nc3 d6 8.Be2 O-O
9.O-O Bd7 10.Qd2 Re8 11.f3 Ne5 12.b3 Rc8 13.Rfd1 Qa5 14.Rac1 Bc6 15.Bf1 h5
16.Qf2 Nfd7 17.h3 Nf8 18.Nd5 Bxd5 19.exd5 Ned7 20.Bd3 Nc5 21.Bb1 Bf6 22.f4 Nfd7
23.g4 hxg4 24.hxg4 Bg7 25.Kg2 a6 26.f5 Ne5 27.Qh4 Bf6 28.g5 Bg7 29.Rh1 Kf8
30.f6 exf6 31.gxf6 Qd8 32.Qh8+  1-0

[Event "World op Major"]
[Site "Philadelphia"]
[Date "1999.06.29"]
[Round "3"]
[White "Wojtkiewicz, Aleksander"]
[Black "Ziatdinov, Raset"]
[Result "1-0"]
[WhiteElo "2570"]
[BlackElo "2511"]

1.Nf3 d5 2.d4 Nf6 3.c4 e6 4.g3 dxc4 5.Bg2 Bd7 6.Ne5 Bc6 7.Nxc6 Nxc6 8.O-O Qd7
9.e3 Rb8 10.Qe2 b5 11.Rd1 Bb4 12.b3 cxb3 13.axb3 a5 14.Qc2 Ne7 15.Bd2 O-O
16.Bxb4 axb4 17.Ra7 Nfd5 18.e4 Nc6 19.Ra6 Nb6 20.d5 exd5 21.exd5 Ne7 22.Qc5 Rfd8
23.d6 cxd6 24.Rxb6 dxc5 25.Rxd7 Nf5 26.Rxb5 g6 27.Rxb8 Rxb8 28.Bd5  1-0

[Event "World op Major"]
[Site "Philadelphia"]
[Date "1999.06.29"]
[Round "4"]
[White "Novikov, Igor A"]
[Black "Wojtkiewicz, Aleksander"]
[Result "1/2-1/2"]
[WhiteElo "2601"]
[BlackElo "2570"]

1.d4 d6 2.e4 Nf6 3.f3 e5 4.dxe5 dxe5 5.Qxd8+ Kxd8 6.Bc4 Ke8 7.Be3 Nbd7 8.Nd2 a5
9.a4 Bc5 10.Kf2 Ke7  1/2-1/2

[Event "World op"]
[Site "Philadelphia"]
[Date "1999.07.04"]
[Round "7"]
[White "Wojtkiewicz, Aleksander"]
[Black "Curdo, John"]
[Result "1/2-1/2"]
[WhiteElo "2570"]
[BlackElo "2285"]

1.Nf3 f5 2.g3 Nf6 3.Bg2 d6 4.d4 g6 5.O-O Bg7 6.c4 O-O 7.Nc3 c6 8.d5 e5 9.dxe6 Bxe6
10.b3 Na6 11.Bb2 Qe7 12.Nd4 Bf7 13.Ba3 Nc5 14.Qc2 f4 15.Rad1 fxg3 16.hxg3 a5
17.e3 Ng4 18.Qe2 h5 19.Bb2 Ne6 20.Nxe6 Bxe6 21.Qd3 Rad8 22.Qxg6 Ne5 23.Qc2 h4
24.f4 Ng4 25.Rf3 Bf5 26.e4 Rde8 27.exf5 hxg3 28.Nd5 cxd5 29.Rxg3 Qh4 30.Bxd5+ Rf7
31.Qg2 Re2 32.Qh3 Qxh3 33.Rxh3 Rxb2 34.Rg3 Nf6 35.Bxf7+ Kxf7 36.Rg2 Rxg2+
37.Kxg2 Bf8 38.Kf3 Ke7 39.Re1+ Kd7 40.Ke3 Be7 41.Kd4 Nh5 42.Rg1 Nxf4 43.Rg8 Nh5
44.Rb8 Kc6 45.Ra8 b6 46.Ra7 Bf6+ 47.Ke3 Be5 48.Kf3 Nf6 49.Re7 Ng8 50.Re8 Nf6
51.Rc8+ Kd7 52.Ra8 Kc6 53.Ke3 Ng4+ 54.Ke4 Nf6+ 55.Kd3 Ng4 56.Ra7 Nh6 57.Ke4 Ng4
58.a3 Nf6+ 59.Kd3 Bb2 60.b4 axb4 61.axb4 Be5 62.Kc2 Ne8 63.Kb3 Nf6 64.Re7 Ne4
65.Kc2 Nf6 66.Kd3 Ng4 67.Ra7  1/2-1/2

[Event "Atlantic op"]
[Site "Washington DC"]
[Date "1999.08.29"]
[Round "4"]
[White "Wojtkiewicz, Aleksander"]
[Black "Kriventsov, Stanislav G"]
[Result "1-0"]
[WhiteElo "2567"]
[BlackElo "2322"]

1.Nf3 g6 2.d4 Bg7 3.c4 Nf6 4.g3 d5 5.Bg2 dxc4 6.Na3 O-O 7.Nxc4 Nc6 8.b3 Be6
9.Bb2 Bd5 10.Rc1 a5 11.a3 Bh6 12.e3 e6 13.O-O Ne4 14.Qe2 Qe7 15.Rfd1 Rfd8
16.a4 Qe8 17.Ba3 f6 18.Ne1 Bf8 19.Bxf8 Kxf8 20.Nd3 Nd6 21.Nxd6 Rxd6 22.Nc5 Nd8
23.e4 Bc6 24.e5 fxe5 25.dxe5 Rxd1+ 26.Qxd1 Kg8 27.Bxc6 Nxc6 28.Nxb7 Rb8 29.Nc5 Nxe5
30.Qe2 Nd7 31.Qxe6+ Qxe6 32.Nxe6 Kf7 33.Ng5+ Ke7 34.Rxc7 Rxb3 35.Ra7 Rb4
36.Rxa5 Kd6 37.Nxh7 Nc5 38.Rb5 Rxa4 39.Rb6+ Ke5 40.Rxg6 Ne4 41.Rg8 Kf5 42.h4  1-0

[Event "POL-chT 55th"]
[Site "Suwalki"]
[Date "1999.09.18"]
[Round "1"]
[White "Skalik, Przemyslaw"]
[Black "Wojtkiewicz, Aleksander"]
[Result "1/2-1/2"]
[WhiteElo "2409"]
[BlackElo "2567"]

1.Nf3 g6 2.c4 c5 3.e4 d6 4.d4 Bg4 5.d5 e6 6.Be2 exd5 7.Qxd5 Bxf3 8.Bxf3 Nc6
9.Nc3 Nge7 10.Qd1 Bg7 11.O-O O-O 12.Bg5 h6 13.Bh4 Nd4 14.Bg4 g5 15.Bg3 Be5
16.Qd2 Kg7 17.Rad1 a6 18.Bh5 b5 19.f4 gxf4 20.Bxf4 Bxf4 21.Rxf4 Ng6 22.Rg4 Kh7
23.Bxg6+ fxg6 24.Ne2 Nxe2+ 25.Qxe2 Qe7 26.e5 dxe5  1/2-1/2

[Event "National Chess Congress"]
[Site "Philadelphia USA"]
[Date "1999.11.28"]
[Round "5"]
[White "Delaune,R"]
[Black "Wojtkiewicz,A"]
[Result "0-1"]
[WhiteElo "2401"]
[BlackElo "2567"]

1.c4 c5 2.Nc3 g6 3.g3 Bg7 4.Bg2 Nc6 5.a3 b6 6.d3 Bb7 7.e3 Bxc3+ 8.bxc3 d6
9.Ne2 Qd7 10.O-O e6 11.e4 h6 12.Be3 Nge7 13.Ra2 O-O-O 14.Qd2 g5 15.f3 f5
16.a4 Na5 17.Qc2 Nec6 18.Kh1 Ne5 19.Bg1 Rdf8 20.Raa1 h5 21.d4 Nexc4 22.Rfd1 h4
23.gxh4 Qh7 24.h5 Qxh5 25.Ng3 Qh4 26.Qf2 fxe4 27.Nxe4 Qxf2 28.Nxf2 Nb3 29.Ra2 Ne3  0-1

[Event "Millennium Festival"]
[Site "Portsmouth USA"]
[Date "2000.03.04"]
[Round "2"]
[White "Wojtkiewicz,A"]
[Black "Adu,O"]
[Result "1-0"]
[WhiteElo "2563"]
[BlackElo "2253"]

1.Nf3 Nf6 2.c4 c5 3.Nc3 g6 4.e4 d6 5.d4 cxd4 6.Nxd4 Bg7 7.Be2 O-O 8.O-O Nfd7
9.Be3 Nc6 10.Qd2 Nde5 11.Rac1 b6 12.f4 Nxd4 13.Bxd4 Nc6 14.Bxg7 Kxg7 15.Rfd1 Qc7
16.Bf3 Bb7 17.Nd5 Qb8 18.b4 e5 19.f5 f6 20.Qf2 gxf5 21.exf5 Qd8 22.c5 bxc5
23.bxc5  1-0

[Event "Millennium Festival"]
[Site "Portsmouth USA"]
[Date "2000.03.04"]
[Round "3"]
[White "Kaufman,La"]
[Black "Wojtkiewicz,A"]
[Result "0-1"]
[WhiteElo "2419"]
[BlackElo "2563"]

1.d4 Nf6 2.c4 g6 3.Nc3 Bg7 4.e4 O-O 5.Be2 c6 6.e5 Ne8 7.f4 d6 8.Nf3 c5 9.dxc5 Nc6
10.cxd6 exd6 11.c5 dxc5 12.Qxd8 Nxd8 13.Be3 b6 14.O-O-O Nc7 15.Ng5 Nde6 16.Nge4 Bb7
17.Bf3 Rab8 18.h4 Nd4 19.Bg4 Rfd8 20.h5 Nd5 21.Nxd5 Bxd5 22.Nf6+ Bxf6 23.exf6 Bxg2
24.hxg6 Bxh1 25.gxf7+ Kxf7 26.Rxh1 Kxf6 27.Rxh7 Rh8 28.Rxa7 Rh1+ 29.Kd2 Rh2+
30.Kd3 Rd8 31.Rd7 Rxd7 32.Bxd7 Rxb2 33.Bxd4+ cxd4 34.a4 Rf2 35.f5 Ke5 36.Be6 Rf3+
37.Kd2 Ke4 38.Bd7 Rf2+ 39.Ke1 Ke3 40.Bb5 Rxf5  0-1

[Event "Oz.com qualifier blitz"]
[Site "Internet ICC"]
[Date "2000.03.05"]
[Round "2"]
[White "Wojtkiewicz,A"]
[Black "Casella,M"]
[Result "1-0"]
[WhiteElo "2563"]
[BlackElo "2362"]

1.Nf3 Nf6 2.c4 g6 3.g3 Bg7 4.Bg2 O-O 5.d4 d5 6.cxd5 Nxd5 7.O-O Nb6 8.Nc3 Nc6
9.d5 Na5 10.e4 c6 11.Bg5 h6 12.Bf4 cxd5 13.Nxd5 Nxd5 14.exd5 Nc4 15.Qc1 Nxb2
16.Bxh6 Nd3 17.Qd2 Bf5 18.Bxg7 Kxg7 19.Nh4 Qd7 20.g4 Bxg4 21.Qxd3  1-0

[Event "Oz.com qualifier blitz playoff"]
[Site "Internet ICC"]
[Date "2000.03.05"]
[Round "2"]
[White "Wojtkiewicz,A"]
[Black "Kempinski,R"]
[Result "1-0"]
[WhiteElo "2563"]
[BlackElo "2528"]

1.d4 Nf6 2.Nf3 g6 3.c4 Bg7 4.Nc3 O-O 5.Bg5 d6 6.e3 c5 7.Be2 h6 8.Bh4 Nc6
9.O-O cxd4 10.Nxd4 Bd7 11.Rc1 Rc8 12.a3 Ne5 13.Qb3 b6 14.Rfd1 Qc7 15.Bxf6 exf6
16.Ndb5 Qb8 17.Nxd6 Rcd8 18.Ndb5 f5 19.Nd5 Kh7 20.h3 Be6 21.Nd4 Qb7 22.Nxe6 fxe6
23.Nf4 Rxd1+ 24.Rxd1 Qc6 25.c5 bxc5 26.Nxe6 Rf7 27.Nd8  1-0

[Event "Oz.com qualifier blitz"]
[Site "Internet ICC"]
[Date "2000.03.05"]
[Round "3"]
[White "Tratar,M"]
[Black "Wojtkiewicz,A"]
[Result "0-1"]
[WhiteElo "2439"]
[BlackElo "2563"]

1.d4 Nf6 2.Nc3 d5 3.Bg5 Nbd7 4.e3 h6 5.Bh4 e6 6.a3 Be7 7.f4 c5 8.Nf3 Qb6
9.Be2 Ne4 10.Bxe7 Nxc3 11.bxc3 Kxe7 12.O-O Nf6 13.Ne5 Qa5 14.Qe1 Bd7 15.Bf3 cxd4
16.cxd4 Qxe1 17.Rfxe1 Rac8 18.c4 dxc4 19.Bxb7 Rc7 20.Bf3 Rb8 21.Rab1 Rb3
22.Rxb3 cxb3 23.Rb1 Rc3 24.Kf2 Bb5 25.Rb2 Rc2+  0-1

[Event "Oz.com qualifier blitz playoff"]
[Site "Internet ICC"]
[Date "2000.03.05"]
[Round "4"]
[White "Wojtkiewicz,A"]
[Black "Kempinski,R"]
[Result "1-0"]
[WhiteElo "2563"]
[BlackElo "2528"]

1.Nf3 Nf6 2.c4 g6 3.g3 Bg7 4.Bg2 d5 5.cxd5 Nxd5 6.d4 Nb6 7.O-O Nc6 8.e3 O-O
9.Nc3 e5 10.d5 Na5 11.e4 c6 12.Bg5 f6 13.Be3 cxd5 14.exd5 Nac4 15.Bc5 Nd6
16.a4 Bf5 17.a5 Nbc8 18.Qb3 Rf7 19.Nd2 Bd3 20.Rfe1 f5 21.Nf3 Ne4 22.Nxe4 Bxe4
23.d6 b6 24.axb6 Nxb6 25.Rxe4 fxe4 26.Bxb6 Qf6 27.Nd2 Rb8 28.Nxe4  1-0

[Event "Oz.com qualifier blitz"]
[Site "Internet ICC"]
[Date "2000.03.05"]
[Round "4"]
[White "Wojtkiewicz,A"]
[Black "Kosyrev,V"]
[Result "1-0"]
[WhiteElo "2563"]
[BlackElo "2474"]

1.d4 e6 2.Nf3 d5 3.c4 Nf6 4.Nc3 Bb4 5.e3 O-O 6.Bd3 c5 7.O-O cxd4 8.exd4 dxc4
9.Bxc4 Nbd7 10.Bg5 Bxc3 11.bxc3 Qc7 12.Qe2 b6 13.Rac1 Bb7 14.Nd2 Rfe8 15.f3 e5
16.Qf2 exd4 17.cxd4 Qd6 18.Bb3 b5 19.Bh4 Bd5 20.Bg3 Qb6 21.Bxd5 Nxd5 22.Ne4 N7f6
23.Be5 Re7 24.Rfd1 Rd8 25.h3 h6 26.Ng3 g6 27.Ne4 a5 28.Re1 Rde8 29.Nd6 b4
30.Nxe8 Rxe8 31.Bxf6 Rxe1+ 32.Qxe1 Nxf6 33.Qe5 a4 34.Rc8+ Kg7 35.Qc5 Qxc5
36.Rxc5 b3 37.axb3 axb3 38.Rb5  1-0

[Event "Oz.com qualifier blitz"]
[Site "Internet ICC"]
[Date "2000.03.05"]
[Round "6"]
[White "Short,N"]
[Black "Wojtkiewicz,A"]
[Result "1-0"]
[WhiteElo "2683"]
[BlackElo "2563"]

1.e4 c5 2.Nc3 e6 3.g3 d5 4.Bg2 dxe4 5.Nxe4 Nc6 6.d3 Be7 7.f4 Nf6 8.Nf3 Qc7
9.O-O O-O 10.Kh1 b6 11.Nfg5 Bb7 12.Nxf6+ Bxf6 13.Ne4 Be7 14.Bd2 Rad8 15.Bc3 Nd4
16.Rf2 Rfe8 17.Qh5 f6 18.Re1 Bf8 19.Bxd4 cxd4 20.f5 Kh8 21.g4 exf5 22.gxf5 Bb4
23.Rg1 Bd5 24.a3 Bf8 25.Nxf6 gxf6 26.Bxd5 Bg7 27.Be4 Re7 28.Rg4 Qd7 29.Rfg2 Qe8
30.Qh3 Rc7 31.Rh4 Bf8 32.Rhg4 Qf7 33.Qg3 Bg7 34.Qf4 Rg8 35.Qd6 Rd7 36.Qe6 Qe7
37.Bd5 Rgd8 38.Qxe7 Rxe7 39.Be6 Rc7 40.h4 h6 41.Kh2 h5 42.Re4 Bh6 43.Kh3 Kh7
44.Bb3 Bc1 45.Re6 Rf8 46.Rg6 Rg7 47.Rxg7+ Kxg7 48.Re7+ Kh6 49.Rxa7 Bxb2 50.a4 Ba3
51.Rb7 Bc5 52.Kg3 Re8 53.Be6 Re7 54.Rxe7 Bxe7 55.Kf3 Bb4 56.Ke4 Bc3 57.Bf7 Bb2
58.Be8 Bc3 59.Kd5 Be1 60.Kc6 Ba5 61.Kb5 Kg7 62.Bxh5 Kh6 63.Bg6 Kg7 64.Kc4 Bc3
65.h5 Kh6 66.Kd5 Kg7 67.Ke6 Bd2 68.Be8 Bb4 69.h6+ Kxh6 70.Kxf6 Ba3 71.Bg6 Bb4
72.Kf7 Kg5 73.Bh7 Ba3 74.f6 Bb4 75.Kg7 Kf4 76.Be4  1-0

[Event "US Masters"]
[Site "Oak Bridge, IL USA"]
[Date "2000.03.10"]
[Round "2"]
[White "Wojtkiewicz,A"]
[Black "Zakhvatov,V"]
[Result "1-0"]
[WhiteElo "2563"]
[BlackElo "2322"]

1.Nf3 d5 2.d4 Nf6 3.c4 c6 4.Qc2 g6 5.Bf4 Bg7 6.e3 O-O 7.Nc3 Qa5 8.Qb3 Nbd7
9.h3 a6 10.Be2 dxc4 11.Bxc4 h6 12.O-O b5 13.Be2 Bb7 14.Ne5 Nxe5 15.Bxe5 Nd7
16.Bxg7 Kxg7 17.Ne4 Rad8 18.Rac1 e5 19.Rfd1 exd4 20.Rxd4 c5 21.Nxc5 Nxc5
22.Rxc5 Rxd4 23.exd4 Qd2 24.Bd3 Re8 25.Re5 Rxe5 26.dxe5 Qe1+ 27.Bf1 Qxe5
28.Qb4 Bc6 29.a3 f5 30.Qa5 Bb7 31.a4 g5 32.b4 g4 33.hxg4 fxg4 34.axb5 axb5
35.Qxb5 Qe4 36.Qc4 Kf6 37.Qxe4 Bxe4 38.Be2 h5 39.f3 Bf5 40.fxg4 hxg4 41.Kf2 Bc8
42.Kg3  1-0

[Event "Chess@iceland rapidplay Group B"]
[Site "Kopavogur ISL"]
[Date "2000.04.01"]
[Round "1"]
[White "Arnason,J"]
[Black "Wojtkiewicz,A"]
[Result "0-1"]
[WhiteElo "2528"]
[BlackElo "2563"]

1.Nf3 c5 2.c4 g6 3.e4 Bg7 4.d4 Qb6 5.dxc5 Qxc5 6.Be2 d6 7.O-O Bg4 8.Be3 Qc7
9.Bd4 Nf6 10.Nc3 O-O 11.Rc1 Qd8 12.h3 Bxf3 13.Bxf3 Nc6 14.Be3 Nd7 15.Be2 Nc5
16.f3 a5 17.Qd2 a4 18.Rfd1 Qa5 19.Bf1 a3 20.b3 Nxb3 21.axb3 a2 22.Na4 Qxd2
23.Bxd2 Nd4 24.Ra1 Nxb3 25.Rxa2 Nc5 26.Nxc5 Rxa2 27.Nd3 Rfa8 28.Be1 Bd4+
29.Kh1 R2a3 30.Rc1 Ra1 31.Rxa1 Rxa1 32.g3 h5 33.Kg2 Ra2+ 34.Nf2 g5 35.Bd3 Be5
36.Bf1 e6 37.Bd3 Kf8 38.Bf1 Ke7 39.Bd3 Kd7 40.Bf1 Kc7 41.h4 g4 42.fxg4 hxg4
43.Bd3 Kd8 44.h5 Ke7 45.Kf1 Ra1 46.Be2 f5 47.exf5 exf5 48.Nd1 Ra3 49.Kg2 Kf6
50.h6 Kg6 51.Bf2 Ra2 52.Kf1 Kxh6 53.Ne3 Kg5 54.Nd5 Ra3 55.Kg2 Kg6 56.Be3 Ra2
57.Kf2 Kf7 58.Bf4 Bxf4 59.Nxf4 Kf6 60.Nd3 Rc2 61.Nf4 Ke5 62.Ke3 Rc3+ 63.Nd3+ Kf6
64.Kd4 Rc2 65.Ke3 Rxc4 66.Nf4 Rc3+ 67.Bd3 Ke5 68.Ng6+ Kf6 69.Nf4 Ra3 70.Nh5+ Ke5
71.Ng7 d5 72.Nxf5 Rxd3+ 73.Kxd3 Kxf5 74.Kd4 Ke6 75.Kd3 Ke5 76.Ke3 d4+ 77.Kd3 Kd5
78.Kd2 Ke4 79.Ke2 d3+ 80.Kd2 Kd4 81.Kd1 Ke3 82.Ke1 d2+ 83.Kd1 b6  0-1

[Event "Chess@iceland rapidplay Group B"]
[Site "Kopavogur ISL"]
[Date "2000.04.01"]
[Round "3"]
[White "Wojtkiewicz,A"]
[Black "Sokolov,I"]
[Result "1-0"]
[WhiteElo "2563"]
[BlackElo "2637"]

1.Nf3 Nf6 2.c4 c6 3.d4 d5 4.Qc2 dxc4 5.Qxc4 g6 6.g3 Bg7 7.Bg2 O-O 8.O-O Nd5
9.Nc3 Nb6 10.Qb3 Be6 11.Qc2 Na6 12.Rd1 Nb4 13.Qe4 Bf5 14.Qh4 f6 15.e4 Be6
16.Bh6 Bf7 17.Bxg7 Kxg7 18.Qf4 Qd6 19.Qd2 Rad8 20.a3 Na6 21.b4 Nc7 22.h4 a6
23.Ne2 Nc4 24.Qc1 a5 25.bxa5 Nxa5 26.Qc3 Nc4 27.a4 b5 28.e5 Qd7 29.axb5 cxb5
30.Ra7 Nd5 31.Qa1 Qf5 32.Nc3 Rd7 33.Nxb5 Rfd8 34.Re1 Nb4 35.Qa4 Nd3 36.Re2 Bd5
37.exf6+ exf6 38.Nc7 Bf7 39.d5 Nb6 40.Qa5 Nxd5 41.Nd4 Qg4 42.Nce6+ Kh6 43.Nxd8 N5f4
44.Nxf7+ Rxf7 45.Rxf7  1-0

[Event "Chess@iceland rapidplay Group B"]
[Site "Kopavogur ISL"]
[Date "2000.04.01"]
[Round "4"]
[White "Hjartarson,J"]
[Black "Wojtkiewicz,A"]
[Result "0-1"]
[WhiteElo "2633"]
[BlackElo "2563"]

1.e4 c5 2.Nc3 g6 3.Nge2 Bg7 4.d4 cxd4 5.Nxd4 Nc6 6.Nb3 Nf6 7.Be2 O-O 8.O-O a6
9.Re1 d6 10.Bf1 Re8 11.a4 Be6 12.Nd5 Bxd5 13.exd5 Nb4 14.c4 a5 15.Be3 Nd7
16.Qd2 Qc7 17.Nd4 Nc5 18.Ra3 Qd7 19.Nb5 Rac8 20.Bd4 Bxd4 21.Nxd4 e5 22.dxe6 Nxe6
23.Nb5 Nc5 24.Rd1 Re6 25.Rh3 h5 26.b3 Rd8 27.Qf4 Qe7 28.Qh6 Nc6 29.Nc3 Nb4
30.Rg3 Re5 31.Nb5 Ne4 32.Re3 Qf6 33.f3 Nc5 34.Rxe5 Qxe5 35.Nd4 Nc6 36.Nb5 Nxb3
37.Rd5 Qf6 38.Rxh5 Qg7 39.Qxg7+ Kxg7 40.Rd5 Nc5 41.Nxd6 b6 42.f4 Nxa4 43.g4 Kf8
44.f5 Nb4 45.Rd2 Ke7 46.f6+ Kxf6 47.Rf2+ Ke7 48.Nxf7 Rf8 49.Ne5 Rxf2 50.Kxf2 Kf6
51.Nf3 Nc5 52.Ke3 a4 53.g5+ Kg7 54.Kd2 a3 55.Kc3 a2 56.Kb2 Nb3  0-1

[Event "19th Open"]
[Site "Reykjavik ISL"]
[Date "2000.04.05"]
[Round "1"]
[White "Fridjonsson,J"]
[Black "Wojtkiewicz,A"]
[Result "0-1"]
[WhiteElo "2191"]
[BlackElo "2563"]

1.g3 d5 2.Bg2 c6 3.c4 dxc4 4.Qc2 Be6 5.Na3 Qd4 6.Nf3 Qd5 7.e4 Qd3 8.Qxd3 cxd3
9.Ne5 Na6 10.Nxd3 Rd8 11.Nf4 Bc8 12.d4 Rxd4 13.Be3 Rd8 14.Bxa7 e5 15.Ne2 Nb4
16.O-O Rd2 17.Bf3 Be6 18.b3 Nf6 19.Nc4 Bxc4 20.bxc4 Nd7 21.Be3 Rc2 22.Rfc1 Be7
23.a3 Rxc1+ 24.Rxc1 Na6 25.a4 Ndc5 26.Nc3 Kd7 27.Be2 Ra8 28.Rb1 Kc7 29.f3 Nd7
30.Kf1 Nac5 31.Bd1 Nb6 32.Bxc5 Bxc5 33.Bb3 Bd4 34.Ne2 Nd7 35.Nxd4 exd4 36.Rd1 Nc5
37.Bc2 Rd8 38.Ra1 d3 39.Bd1 g5 40.Kf2 g4 41.Ke3 gxf3 42.Bxf3 Re8 43.Kf4 Kd6
44.Ra2 h6 45.Rd2 Re5 46.Rb2 f6 47.Rd2 Kc7 48.Ra2 Kb6 49.Ke3 Ka5 50.Kd4 Kb4
51.Rb2+ Kxa4 52.Kc3 Ka5 53.Rf2 Kb6 54.Bg2 Re6 55.Rb2+ Kc7 56.Kd4 d2  0-1

[Event "19th Open"]
[Site "Reykjavik ISL"]
[Date "2000.04.06"]
[Round "2"]
[White "Wojtkiewicz,A"]
[Black "Lampen,T"]
[Result "1-0"]
[WhiteElo "2563"]
[BlackElo "2307"]

1.Nf3 d5 2.d4 c6 3.c4 e6 4.Nbd2 Nf6 5.g3 Bd6 6.Bg2 b6 7.O-O Ba6 8.Qc2 Nbd7
9.e4 Nxe4 10.Nxe4 dxe4 11.Ng5 f5 12.f3 Qf6 13.fxe4 Qxd4+ 14.Kh1 Qxc4 15.Qd1 Be5
16.exf5 exf5 17.Re1 Bb7 18.Bf4 O-O-O 19.Rc1 Qb5 20.a4 Qxb2 21.Qf3 Bxf4 22.Rxc6+ Kb8
23.Rc8+ Bxc8 24.Qa8+ Kc7 25.Ne6+ Kd6 26.Nxd8 Ne5 27.Nf7+ Ke6 28.Nxh8  1-0

[Event "19th Open"]
[Site "Reykjavik ISL"]
[Date "2000.04.07"]
[Round "3"]
[White "Short,N"]
[Black "Wojtkiewicz,A"]
[Result "1/2-1/2"]
[WhiteElo "2683"]
[BlackElo "2563"]

1.e4 c5 2.Nc3 g6 3.Nf3 Bg7 4.d4 cxd4 5.Nxd4 Nc6 6.Be3 Nf6 7.Bc4 O-O 8.Bb3 a5
9.O-O d6 10.f3 Nxd4 11.Bxd4 Bd7 12.a4 Bc6 13.Kh1 Nd7 14.Bxg7 Kxg7 15.f4 Qb6
16.Ra2 Qb4 17.Re1 e6 18.Ra1 Nc5 19.Na2 Qb6 20.Qd4+ Kg8 21.Rad1  1/2-1/2

[Event "19th Open"]
[Site "Reykjavik ISL"]
[Date "2000.04.09"]
[Round "5"]
[White "Bricard,E"]
[Black "Wojtkiewicz,A"]
[Result "0-1"]
[WhiteElo "2461"]
[BlackElo "2563"]

1.e4 c5 2.Nc3 e6 3.f4 d5 4.Nf3 dxe4 5.Nxe4 Nc6 6.b3 Be7 7.Bb2 Nf6 8.Nf2 O-O
9.g3 b6 10.Bg2 Bb7 11.O-O Qc7 12.c4 Nd7 13.Ng4 f5 14.Ne3 Rad8 15.Qe2 Bf6
16.Bxf6 Nxf6 17.Nc2 Rfe8 18.Rad1 e5 19.Nxe5 Nxe5 20.fxe5 Rxe5 21.Ne3 g6 22.Bxb7 Qxb7
23.Qg2 Qd7 24.Rfe1 Qd4 25.Qf3 Ne4 26.Re2 Rde8 27.Kf1 Qd3 28.Ke1 Nf6 29.h3 Ne4
30.Qf4 g5 31.Qf3 Kh8 32.h4 gxh4 33.gxh4 Rg8 34.Qf4 Rg1+ 35.Nf1 Rxf1+  0-1

[Event "19th Open"]
[Site "Reykjavik ISL"]
[Date "2000.04.10"]
[Round "6"]
[White "Wojtkiewicz,A"]
[Black "Gunnarsson,Arn"]
[Result "1-0"]
[WhiteElo "2563"]
[BlackElo "2227"]

1.Nf3 Nf6 2.c4 c5 3.Nc3 g6 4.e4 Bg7 5.d4 cxd4 6.Nxd4 O-O 7.Be2 Nc6 8.Be3 d6
9.O-O Bd7 10.Qd2 a6 11.f3 Rc8 12.Rad1 Ne5 13.b3 Qc7 14.Rfe1 Qb8 15.Bf1 Rfe8
16.Kh1 h5 17.h3 Kh7 18.f4 Nc6 19.Nf3 b5 20.cxb5 axb5 21.Ng5+ Kg8 22.Bxb5 Bh6
23.Bc4 Bxg5 24.fxg5 Nh7 25.Ba6 Rcd8 26.Nd5 Ne5 27.Bb6 e6 28.Nf6+  1-0

[Event "19th Open"]
[Site "Reykjavik ISL"]
[Date "2000.04.11"]
[Round "7"]
[White "Miles,A"]
[Black "Wojtkiewicz,A"]
[Result "1/2-1/2"]
[WhiteElo "2579"]
[BlackElo "2563"]

1.d4 d5 2.Nf3 c6 3.Bf4 Qb6 4.Qc1 Bf5 5.e3 e6 6.c4 Nf6 7.Nc3 Nbd7 8.c5 Qd8
9.h3 Ne4 10.b4 Be7 11.Be2 O-O 12.O-O Bf6 13.Nxe4 Bxe4 14.Bd6 Bxf3 15.Bxf3 e5
16.Re1 g6 17.Rb1 a6 18.Qd2 Nb6 19.Bxe5  1/2-1/2